<?xml version="1.0" encoding="UTF-8"?>
<record
    xmlns:xsi="http://www.w3.org/2001/XMLSchema-instance"
    xsi:schemaLocation="http://www.loc.gov/MARC21/slim http://www.loc.gov/standards/marcxml/schema/MARC21slim.xsd"
    xmlns="http://www.loc.gov/MARC21/slim">

  <leader>00425    a2200109   4500</leader>
  <controlfield tag="001">ART_41853</controlfield>
  <controlfield tag="005">20260410162024.0</controlfield>
  <controlfield tag="008">260409a                                 </controlfield>
  <datafield tag="245" ind1="1" ind2="0">
    <subfield code="a">Migraci&#xF3;n internacional de retorno en el Uriguay y reinserci&#xF3;n laboral en tiempos de crisis econ&#xF3;mica internacional, 2011-2013</subfield>
  </datafield>
  <datafield tag="100" ind1="1" ind2=" ">
    <subfield code="a">Koolhaas, Mart&#xED;n</subfield>
  </datafield>
  <datafield tag="773" ind1="0" ind2=" ">
    <subfield code="t">Notas de poblaci&#xF3;n</subfield>
    <subfield code="g">- A&#xF1;o XLIII, N&#xBA; 103 (jul./dic. 2016)</subfield>
    <subfield code="w">REV41841</subfield>
  </datafield>
  <datafield tag="999" ind1=" " ind2=" ">
    <subfield code="c">33359</subfield>
    <subfield code="d">33359</subfield>
  </datafield>
</record>
